| 000 | 01050nam a22003257a 4500 | ||
|---|---|---|---|
| 003 | CHAP | ||
| 005 | 20220817042153.0 | ||
| 008 | 971013s r 00010 d | ||
| 010 | _a36630 | ||
| 011 | _a37602 | ||
| 035 | _a41722 | ||
| 040 | _cCHAP | ||
| 090 | _aFolleto 661 | ||
| 110 |
_aMéxico. Dirección General de Avicultura y Otras Especies Menores _976961 |
||
| 245 |
_aReticulosis _b: leucosis y enfermedad de Marek |
||
| 260 |
_aMéxico, D.F. : _bLa Dirección, _c(s.a.) |
||
| 300 |
_a17 p. _b: ilus |
||
| 490 | _aBoletín de información | ||
| 590 |
_aBATCH-UPD _b10 _c20130110 _lUCH01 _h0016 |
||
| 590 |
_aBATCH-UPD _b10 _c20130110 _lUCH01 _h2151 |
||
| 590 |
_aBATCH-UPD _b10 _c20130410 _lUCH01 _h1500 |
||
| 590 |
_aBATCH-UPD _b10 _c20130914 _lUCH01 _h0757 |
||
| 590 |
_aCONVERSION _b10 _c20130109 _lUCH01 _h1320 |
||
| 650 | 1 | 4 |
_aEnfermedad de Marek. _936928 |
| 650 | 1 | 4 |
_aLeucemia y leucosis aviar. _966383 |
| 830 | 0 | _aBoletín de información | |
| 901 | _aBK | ||
| 942 | _cFOLL | ||
| 949 |
_aFolleto 661 _bBC _cFOLL _d-95910 _eTS1 _i41722 _si |
||
| 999 |
_c36630 _d36630 |
||